000 01514nam a2200217za 4500
999 _c7402
_d7402
020 _a0748734155
020 _a9780748734153
050 _aKD1629.3
_b.M37
100 _aMarsh S B
245 _aBusiness law
_cS B Marsh; J Soulsby
250 _a7th
260 _aCheltenham :
_bStanley Thornes,
_c ©1998.
300 _axxi, 377 pages ;
_c25 cm
500 _aIncludes index
505 _aThe nature and development of English law; Sources of law; The English court system; Other courts and tribunals; Court proceedings; Legal personality, capacity and agency; Business Association; Companies: formation and public controls Financial structure of companies; Companies: Membership and Management; Liability for wrongful acts; Negligence; Further principles of liability of tort; The nature of a contract in English law; Agreement; Matters which affect the validity of contracts; The terms of the bargain; Performance, breach and remedies; Discharge, limitation and privity; Contracts and public policy; Sale and supply of goods - obligation of parties; Sale of goods - ownership and risk; Product liability; Credit and security; The employment relationship; Terms of employment; Occupational safety; Compensation for industrial injuries; Notice and dismissal; Redundancy payments and other rights.
650 _aCommercial law -- Great Britain.
650 _aLaw -- Great Britain.
650 _aCommercial law.
700 _aSoulsby J
942 _cBK